000 01565nam a2200481 i 4500
001 55295
003 KOSZ 005
005 20210708112921.0
008 070425s2007 pl a f f |001 0 pol
015 _aUWD 2007/10167
020 _a9788375261592
035 _a991033889179705066
035 _a(PL-WaBN)b19066454-48omnis_nlop
035 _ab19066454
035 _a(OCoLC)830830432
035 _a(PL)b0000001906645
035 _a(EXLNZ-48OMNIS_NETWORK)9910303668205606
040 _aWA N
_cWA N
_dKOSZ 005/HR
046 _k2007
080 _a339.138
080 _a332.1
080 _a(07)
100 1 _aSzromnik, Andrzej
_d(1948- )
_eAutor
245 1 0 _aMarketing terytorialny :
_bmiasto i region na rynku /
_cAndrzej Szromnik.
260 _aKraków ;
_aWarszawa :
_bWolters Kluwer Polska,
_c2007.
300 _a240 s. :
_bil. ;
_c25 cm.
336 _aTekst
_btxt
_2rdacontent
337 _aBez urządzenia pośredniczącego
_bn
_2rdamedia
338 _aWolumin
_bnc
_2rdacarrier
380 _aKsiążki
380 _aPublikacje naukowe
380 _aPublikacje dydaktyczne
388 _a2001-
504 _aBibliogr. s. 225-233. Indeks.
650 7 _aMarketing terytorialny
_2DBN
655 7 _aPodręcznik
_2DBN
658 _aZarządzanie i marketing
710 2 _aWolters Kluwer Polska
_4pbl
856 _uhttp://koha.tu.koszalin.pl/cgi-bin/koha/opac-detail.pl?biblionumber=55295
_yKatalog online BPK
856 _uhttp://libra.ibuk.pl/book/234143
_yIBUK
942 _2UKD
_cKS
999 _c55295
_d55295